| 000 | 00806nam a2200217 a 4500 | ||
|---|---|---|---|
| 005 | 20240913063926.0 | ||
| 008 | 020909s1999 mx r 000 0 spa d | ||
| 020 | _a9681649273 | ||
| 035 | _aUPN01000118956 | ||
| 049 | _aCG | ||
| 050 | 4 |
_aJC423 _bC3.68 |
|
| 245 | 0 | 0 |
_aConstitucionalismo y democracia / _cJon Elster ... [et al.] ; introd. de Alejandro Herrera M. |
| 260 |
_aMéxico : _bColegio Nacional de Ciencias Políticas y Administración Pública : _aFCE, _c1999. |
||
| 300 | _a381 P. | ||
| 440 | 0 |
_aSección de obras de administración pública. _pNuevas lecturas de política y gobierno |
|
| 534 |
_pTraducción de : _tConstitucionalism and democracy |
||
| 650 | 4 |
_aDemocracia _96020 |
|
| 650 | 4 |
_aDerecho constitucional _910180 |
|
| 700 | 1 |
_aElster, Jon, _d1940- _ecouat. _933812 |
|
| 905 | _aLibro | ||
| 999 |
_c91318 _d91318 |
||